| 000 | 00675nam a2200217Ia 4500 | ||
|---|---|---|---|
| 003 | GCL | ||
| 008 | 140319s9999 xx 000 0 ara d | ||
| 040 |
_aGCL / _cGCL |
||
| 082 | 0 | 4 |
_a251.11 _bع ج |
| 100 | 1 | _aعبدالحليم حنفى | |
| 245 | 1 | 0 |
_aجوهر الاسلام / _cعبدالحليم حنفى |
| 260 |
_a[S.N] : _bالهيئة المصرية العامة للكتاب ، _c1988 |
||
| 300 | _a149 ص | ||
| 490 |
_aدراسات اسلامية _v0 |
||
| 650 | 0 | 4 | _aالاسلام |
| 650 | 0 | 4 | _aالشريعة الاسلامية |
| 650 | 0 | 4 | _aالديانات |
| 650 | 0 | 4 | _aالاحكام الاسلامية |
| 650 | 0 | 4 | _aالقران |
| 942 |
_2ddc _cBK |
||
| 999 |
_c29218 _d29218 |
||